The acts of Philip : (Record no. 8491)

MARC details
000 -LEADER
fixed length control field 00737nam a22001937a 4500
003 - CONTROL NUMBER IDENTIFIER
control field GBCCL
005 - DATE AND TIME OF LATEST TRANSACTION
control field 20241126110652.0
008 - FIXED-LENGTH DATA ELEMENTS--GENERAL INFORMATION
fixed length control field 210226b ||||| |||| 00| 0 eng d
020 ## - INTERNATIONAL STANDARD BOOK NUMBER
International Standard Book Number 9781602586550 (pbk. : alk. paper)
040 ## - CATALOGING SOURCE
Transcribing agency GBC
082 ## - DEWEY DECIMAL CLASSIFICATION NUMBER
Classification number 229.925
Item number ACT
245 ## - TITLE STATEMENT
Title The acts of Philip :
Remainder of title a new translation /
Statement of responsibility, etc. translated from the Greek by François Bovon and Christopher R. Matthews.
260 ## - PUBLICATION, DISTRIBUTION, ETC.
Place of publication, distribution, etc. Waco, Tex. :
Name of publisher, distributor, etc. Baylor University Press,
Date of publication, distribution, etc. c2012.
300 ## - PHYSICAL DESCRIPTION
Extent vii, 114 p. ;
Other physical details 22cm
505 ## - FORMATTED CONTENTS NOTE
Formatted contents note Introduction to the Acts of Philip Translation of the Acts of Philip Bibliography
650 ## - SUBJECT ADDED ENTRY--TOPICAL TERM
Topical term or geographic name entry element Apocryphal Acts of the Apostles.
9 (RLIN) 14903
650 ## - SUBJECT ADDED ENTRY--TOPICAL TERM
Topical term or geographic name entry element Apocryphal books
Form subdivision Criticism, interpretation, etc.
9 (RLIN) 14904
942 ## - ADDED ENTRY ELEMENTS (KOHA)
Source of classification or shelving scheme Dewey Decimal Classification
Koha item type Books
Holdings
Withdrawn status Lost status Source of classification or shelving scheme Damaged status Not for loan Home library Current Library Shelving location Date acquired Total checkouts Full call number Barcode Date last seen Copy number Price effective from Koha item type
    Dewey Decimal Classification     GRACE BIBLE COLLEGE GRACE BIBLE COLLEGE Biblical Studies 2021-02-26   229.925 ACT 020105 2025-05-01 c.1 2021-02-26 Books
© Grace Bible College Library 2025